000 00408nam a2200133Ia 4500
008 150509s9999 xx 000 0 und d
082 _aOS 338 .88 SOC
245 _aSocial and labour practices of some European - based multinationals in the metal trades
260 _aGeneva:
260 _bILO
260 _c1976
300 _avi, 143p.; ill 30cm
650 _alabor economicsInternational business enterprises
999 _c6818
_d6818